000 00759nam a22002297a 4500
003 UA-OsUOA
001 85511
007 ta
008 20120703b un ||||| |||| 00| 0 ukr d
090 _a82-343(477)
_bМ 68
942 _cBK
040 _aUA-OsUOA
_bukr
_cUA-OsUOA
_dUA-OsUOA
245 _aМіфи України
_bЗа книгою Георгія Булашева "Український народ у своїх легендах, релігійних поглядах та віруваннях"
300 _a383 с.
955 _a3
041 _aukr
080 _a82-343(477)
020 _a966-507-147-5
260 _aК.
_b"Довіра"
_c2003
650 7 _a82 Література. Літературознавство
_2UDC
999 _c371817
_d371817